| 000 | 00515nam a2200205Ia 4500 | ||
|---|---|---|---|
| 003 | OSt | ||
| 005 | 20230603120527.0 | ||
| 008 | 210423s2006 xx 000 0 und d | ||
| 040 | _cAL | ||
| 041 | _aeng | ||
| 082 |
_a305.5 _223 _b TRIC |
||
| 100 |
_aTRIPATHY (S N);BISHAYI (K N) _9119263 |
||
| 245 | _aChild labour | ||
| 260 |
_aNew Delhi _bSonali Publications _c2006 |
||
| 365 |
_b400 _cINR |
||
| 650 |
_aSocial Classes _9119264 |
||
| 650 |
_aSociology _9119265 |
||
| 906 | _aChild ; labour | ||
| 942 |
_2ddc _cBK |
||
| 999 |
_c174837 _d174837 |
||